| 000 | 01003cam a2200229 4500 | ||
|---|---|---|---|
| 001 | ABS62944 | ||
| 008 | 000000n2000 000 0 eng u | ||
| 035 | _a(Sirsi) u108888 | ||
| 100 | _aRedmond, J. | ||
| 245 | _aVariations on a theme | ||
| 260 | _c2000 | ||
| 490 |
_aBuilding _v265(8156) 6 October 2000, 86(1) |
||
| 520 | _aConsiders the impact of the recent ruling in "Weldon Plant Ltd v Commission for the New Towns", on how to value variations under clause 52 of the ICE form of contract. Suggests that: if a bill rate can be applied it should be, even if it is wrong; if a bill rate cannot be applied, a fair rate should be inferred; it should take account of profit and overheads. | ||
| 590 | _aABS | ||
| 650 | _aBILL RATES | ||
| 650 | _aICE FORMS OF CONTRACT | ||
| 650 | _aWELDON PLANT LTD V COMMISSION FOR THE NEW TOWNS | ||
| 650 | _aHENRY BOOT CONSTRUCTION V ALSTOM COMBINED CYCLES | ||
| 650 | _aVARIATIONS | ||
| 690 | _aBUILT ENVIRONMENT-BUILDING CONTRACT FORMS | ||
| 942 | _n0 | ||
| 999 |
_c65006 _d65006 |
||